Villes de France par des images insolites - Statistiques

Statistiques générales
  • Ce quiz a été pris 372 fois
  • Le résultat moyen est 8 sur 15
Statistiques - réponses
Par images Réponse % Correct
Lyon
98%
Sète
92%
Paris
89%
Lille
79%
Rennes
73%
Cannes
61%
Pau
58%
Moulins
57%
Tours
53%
Muret
34%
Metz
28%
Béziers
21%
Fort-de-France
14%
Caen
12%
Beauvais
2%
Aucun quiz correspondant
Distribution des résultats
% des personnes avec chaque résultat
Percentile par nombre de réponses
Votre historique - résultats
Vous n’avez pas pris ce quiz